|
|
|
|
| LEADER |
01057naa a2200373 a 4500 |
| 001 |
000025317 |
| 003 |
SVKKK |
| 005 |
00000000000000.0 |
| 008 |
c1994 xo e czeo |
| FMT |
|
|
|
| 020 |
|
|
|a 80-88734-02-9
|
| 038 |
|
|
|a SVKKK
|
| 040 |
|
|
|a SVKKK
|b slo
|e AACR2
|
| 041 |
0 |
|
|a cze
|b eng
|
| 044 |
|
|
|a xo
|c SK
|
| 080 |
|
|
|a 621.642.3.002.7
|2 1981
|
| 080 |
|
|
|a 621.791.754.04
|2 1981
|
| 100 |
1 |
|
|a Šimčík, Stanislav
|4 aut
|
| 245 |
1 |
0 |
|a Aplikace technologie MAG/MIX 18 při montáži válcových nádrží
|c Šimčík Stanislav, Komínek Jan, Hlavatý Ivo
|
| 260 |
|
|
|a Bratislava :
|b Výskumný ústav zváračský,
|c 1994
|
| 504 |
|
|
|a Res. angl., lit. 4 zázn. v češ.
|
| 650 |
0 |
4 |
|a montáž
|
| 650 |
0 |
4 |
|a nádrže valcové
|
| 650 |
0 |
4 |
|a zváranie MAG/MIX 18
|x štúdie
|
| 700 |
1 |
|
|a Hlavatý, Ivo
|4 aut
|
| 700 |
1 |
|
|a Komínek, Jan
|4 aut
|
| 773 |
0 |
|
|t Zváranie '94
|z 80-88734-02-9
|g S. 135-140
|
| 958 |
|
|
|a CZ
|
| 958 |
|
|
|a ME
|
| 974 |
|
|
|d 960716960716
|a 243125
|
| 992 |
|
|
|a RZB
|
| BAS |
|
|
|
| 852 |
|
|
|a SVKKK
|b BIB
|
| 998 |
|
|
|a HUT
|